00657nam a2200241 a 4500001001300000003000900013005001700022008004100039020001000080082001300090100001500103245002100118260003200139300000800171500003500179505002800214650002300242700001500265902000800280942000700288952010500295999001500400nice12345678IN_TiNIC20260116011525.0050524s1934 lona grp 000 0 eng  ac10000a297bNOR aNorth, C R aOutline of Islam aLondonbEpworth Pressc1934 a127 aincludes index and biblioraphy2 aacc no 1649 is archives aIslam-Meccan Trade1 aNorth, C R bSRS cBK 00104070aHMIbHMId2010-03-11g100.00l3o297 NORp1477r2019-09-24s2019-09-09w2026-01-16yARB c2292d2292